000 00443nam a2200157Ia 4500
005 20250923144350.0
008 008 250917s9999 xx 000 0 eng d
037 _aTextual
040 _aDSWL
_beng
_cDSWL
041 _aeng
_2eng
084 _aX:9:2:N4, H5
_qDSWL
100 _aMukarjee, R.M
_9824141
245 0 _aIndian working class
_cby R.M Mukarjee
942 _cTEXL
_hX:9:2:N4, H5
999 _c1437949
_d1437949